Start and End Dates of Summer Time in Europe, 2025-2044 - Statistics

General Stats
  • This quiz has been taken 4 times
  • The average score is 3 of 38
Answer Stats
Year Answer % Correct
2026 End 25
100%
2027 Start 28
100%
2026 Start 29
100%
2027 End 31
33%
2029 Start 25
0%
2035 Start 25
0%
2037 End 25
0%
2040 Start 25
0%
2043 End 25
0%
2028 Start 26
0%
2031 End 26
0%
2034 Start 26
0%
2036 End 26
0%
2042 End 26
0%
2030 End 27
0%
2033 Start 27
0%
2039 Start 27
0%
2041 End 27
0%
2044 Start 27
0%
2029 End 28
0%
2032 Start 28
0%
2035 End 28
0%
2038 Start 28
0%
2040 End 28
0%
2028 End 29
0%
2034 End 29
0%
2037 Start 29
0%
2043 Start 29
0%
2031 Start 30
0%
2033 End 30
0%
2036 Start 30
0%
2039 End 30
0%
2042 Start 30
0%
2044 End 30
0%
2030 Start 31
0%
2032 End 31
0%
2038 End 31
0%
2041 Start 31
0%
No matching quizzes found
Score Distribution
Percent of People with Each Score
Percentile by Number Answered
Your Score History
You have not taken this quiz